MyGZULibrary

Race trouble : (Record no. 2425)

MARC details
000 -LEADER
fixed length control field 01387cam a2200337 a 4500
001 - CONTROL NUMBER
control field 16692820
003 - CONTROL NUMBER IDENTIFIER
control field GZU
005 - DATE AND TIME OF LATEST TRANSACTION
control field 20201029124446.0
008 - FIXED-LENGTH DATA ELEMENTS--GENERAL INFORMATION
fixed length control field 110315s2011 sa a b 000 0 eng
010 ## - LIBRARY OF CONGRESS CONTROL NUMBER
LC control number 2011372069
020 ## - INTERNATIONAL STANDARD BOOK NUMBER
International Standard Book Number 9781869141998
040 ## - CATALOGING SOURCE
Original cataloging agency DLC
Transcribing agency DLC
042 ## - AUTHENTICATION CODE
Authentication code pcc
043 ## - GEOGRAPHIC AREA CODE
Geographic area code f-sa---
050 00 - LIBRARY OF CONGRESS CALL NUMBER
Classification number HN801
Item number DUR 2011
100 1# - MAIN ENTRY--PERSONAL NAME
Personal name Durrheim, Kevin.
245 10 - TITLE STATEMENT
Title Race trouble :
Remainder of title race, identity, and inequality in post-apartheid South Africa /
Statement of responsibility, etc. Kevin Durrheim, Xoliswa Mtose, Lyndsay Brown.
260 ## - PUBLICATION, DISTRIBUTION, ETC.
Place of publication, distribution, etc. Scottsville, South Africa :
Name of publisher, distributor, etc. University of KwaZulu-Natal Press,
Date of publication, distribution, etc. 2011.
300 ## - PHYSICAL DESCRIPTION
Extent ix, 234 p. :
Other physical details ill. ;
Dimensions 22 cm.
504 ## - BIBLIOGRAPHY, ETC. NOTE
Bibliography, etc. note Includes bibliographical references (p. 207-227) and index.
505 0# - FORMATTED CONTENTS NOTE
Formatted contents note ch. 1. Apartheid, racism, and change in South Africa -- ch. 2. Experiences of race trouble -- ch. 3. Theories of racism won't do -- ch. 4. Discourse -- ch. 5. ractices -- ch. 6. Subjects -- ch. 7. Repression -- ch. 8. Race trouble versus racism.
650 #0 - SUBJECT ADDED ENTRY--TOPICAL TERM
Topical term or geographic name entry element Racism
Geographic subdivision South Africa.
650 #0 - SUBJECT ADDED ENTRY--TOPICAL TERM
Topical term or geographic name entry element Race
Geographic subdivision South Africa.
651 #0 - SUBJECT ADDED ENTRY--GEOGRAPHIC NAME
Geographic name South Africa
General subdivision Race relations
Chronological subdivision 21st century.
651 #0 - SUBJECT ADDED ENTRY--GEOGRAPHIC NAME
Geographic name South Africa
General subdivision Social conditions
Chronological subdivision 1994-
700 1# - ADDED ENTRY--PERSONAL NAME
Personal name Mtose, Xoliswa.
700 1# - ADDED ENTRY--PERSONAL NAME
Personal name Brown, Lyndsay.
906 ## - LOCAL DATA ELEMENT F, LDF (RLIN)
a 7
b cbc
c orignew
d 3
e ncip
f 20
g y-gencatlg
942 ## - ADDED ENTRY ELEMENTS (KOHA)
Source of classification or shelving scheme Library of Congress Classification
Koha item type Books
Classification part 801
Item part DUR
Call number prefix HN
Holdings
Withdrawn status Lost status Damaged status Not for loan Collection code Home library Current library Shelving location Date acquired Total Checkouts Full call number Barcode Date last seen Copy number Price effective from Koha item type
        Non-fiction City Campus Library City Campus Library General Stacks 10/29/2020   HN 801 DUR 2011 027896 10/29/2020 c.1 10/29/2020 Books